Rozpoznaj która to postać z Brzyduli - Statystyki

Ogólne statystyki
  • Ten quiz został rozwiązany 86 razy
  • Średni wynik to 8 z 15
Statystyki odpowiedzi
Hint Odpowiedź % Poprawnych
Młody prezes firmy Febo & Dobrzański, którą to posadę przejął po ojcu Marek Dobrzański
96%
Główna bohaterka, asystentka prezesa w firmie Febo&Dobrzański Urszula Cieplak
87%
Narzeczona Marka, jest w połowie Włoszką Paulina Febo
73%
Ojciec Uli i jej dwójki rodzeństwa. Wdowiec Józef Cieplak
67%
Główny projektant firmy Febo & Dobrzański Pshemko
61%
Brat Pauliny, nie akceptuje związku siostry z Markiem Aleksander Febo
57%
Brat Uli i syn Józefa. Jest licealistą, przechodzącym okres buntu Jan Cieplak
54%
Najlepszy przyjaciel Uli z czasów dzieciństwa Maciej Szymczyk
43%
Najlepszy przyjaciel Marka Dobrzańskiego z czasów studenckich. Dyrektor działu HR. Sebastian Olszański
40%
Matka Marka Helena Dobrzańska
34%
Ojciec Marka, poprzedni prezes i jeden z założycieli Febo & Dobrzański Krzysztof Dobrzański
34%
Przyjaciółka Uli. Pojawia się w ostatnim odcinku Brzyduli Majka
34%
Modelka, główna twarz firmy Febo & Dobrzański, jest zakochana w Marku. Klaudia
33%
Bufetowa w Febo & Dobrzański, przyjaciółka Uli Elżbieta
27%
Ochroniarz w siedzibie Febo & Dobrzański Władysław
25%
Nie znaleziono quizów pasujących do podanych kryteriów
Rozkład punktacji
Procent ludzi z każdym wynikiem
Percentyl według liczby udzielonych odpowiedzi
Twoja historia wyników
Nie rozwiązałeś tego quizu